|
|
|
|
| LEADER |
01095nam a2200241 i 4500 |
| 001 |
c000305510 |
| 003 |
CARM |
| 005 |
00000000000000.0 |
| 008 |
840313s1964 enk 0 eng d |
| 019 |
1 |
|
|a 22519457
|z 2699505
|5 LACONCORD2021
|
| 035 |
|
|
|a (OCoLC)6228508
|5 LACONCORD2021
|
| 082 |
0 |
4 |
|a 517.37
|
| 100 |
1 |
|
|a Mikhlin, S. G.
|q (Solomon Grigorʹevich),
|d 1908-
|
| 245 |
1 |
0 |
|a Integral equations and their applications to certain problems in mechanics, mathematical physics and technology /
|c Translated from the Russian by A. H. Armstrong.
|
| 250 |
|
|
|a 2d rev. ed.
|
| 260 |
|
|
|a Oxford :
|b Pergamon Press,
|c 1964.
|
| 300 |
|
|
|a 341 p. :
|b illus.
|
| 490 |
0 |
|
|a International series of monographs on pure and applied mathematics ;
|v v. 4
|
| 650 |
|
0 |
|a Integral equations.
|
| 830 |
|
0 |
|a International series of monographs in pure and applied mathematics ;
|v v. 4.
|
| 852 |
8 |
|
|b CARM
|h A3:AR05G0
|i B10727
|p 0514802
|f BK
|
| 999 |
f |
f |
|i 531b3b10-22a8-539f-ae0b-f528b6aba9fe
|s d89b369c-50fe-588d-96f6-b0652282677c
|
| 952 |
f |
f |
|p Can circulate
|a CAVAL
|b CAVAL
|c CAVAL
|d CARM 1 Store
|e B10727
|f A3:AR05G0
|h Other scheme
|i book
|m 0514802
|